Normal view
MARC view
- Infrastructure (Economics)
Entry Topical Term
001 - CONTROL NUMBER
- control field: 38017
003 - CONTROL NUMBER IDENTIFIER
- control field: NUST
005 - DATE AND TIME OF LATEST TRANSACTION
- control field: 20210314130508.0
008 - FIXED-LENGTH DATA ELEMENTS
- fixed length control field: 210314|| aca||aabn | a|a d
040 ## - CATALOGING SOURCE
- Original cataloging agency: NUST
- Transcribing agency: NUST
150 ## - HEADING--TOPICAL TERM
- Topical term or geographic name entry element: Infrastructure (Economics)
- Geographic subdivision: Developing countries
670 ## - SOURCE DATA FOUND
- Source citation: Work cat.: (NUST): Israel, Arturo. 37304, Issues for infrastructure management in the 1990s, 1992.
